LEADER 01148nam a2200241 i 4500 001 000000018659 003 CaOOAMICUS 005 20180830125444.0 008 180830s1978 it u000 u ita u 040 $aSeMil$bita 100 1 $aBossaglia, Rossana,$d<1925-2013>.$0(OLS)http://semarc/name/5334 245 10$aTesoro e museo del Duomo /$cRossana Bossaglia [e] Mia Cinotti ; contributi di Ernesto Brivio e Mario Mirabella Roberti. 260 $aMilano :$bElecta,$ccopyr. 1978. 300 $a2 v. ;$c25x25 cm. 500 $aVolumi conservati in un unico cofanetto. 700 1 $aMirabella Roberti, Mario.$0(OLS)http://semarc/name/8379 700 1 $aBrivio, Ernesto.$0(OLS)http://semarc/name/7605 700 1 $aCinotti, Mia.$0(OLS)http://semarc/name/8378 773 0 $tMusei e gallerie di Milano.$dMilano : Electa, 1974.$w()297 774 0 $aBossaglia, Rossana <1925-2013>$tTomo 1.$kMusei e gallerie di Milano$w()166016 774 0 $aBossaglia, Rossana <1925-2013>$tTomo 2.$kMusei e gallerie di Milano$w()166017 996 $6245$aTesoro e museo del Duomo$9(OLS)http://semarc/title/24566 996 $6260$aMilano :$bElecta$9(OLS)http://semarc/publisher/29711 LEADER 01364nam a2200313 i 4500 001 000000210021 003 CaOOAMICUS 005 20120110000000.0 008 120110s2008 it u000 u eng u 013 $a188813 020 $a978-0-8264-2890-5 040 $aSeMil$bita 100 1 $aO'Malley, John William,$c.$0(OLS)http://semarc/name/32984 245 10$aVatican 2. :$bdid anything happen? /$cJohn W. O'Malley ... [et al.]. 260 $aLondon ; New York :$bContinuum,$c2008. 300 $av, 186 p. ;$c22 cm. 650 4$aConcilio Vaticano II <1962-1965>.$0(OLS)http://semarc/subject/283 650 4$aConcilio Vaticano II <1962-1965> - Ermeneutica.$0(OLS)http://semarc/subject/9781 774 0 $tIntroduction.$w()318891 774 0 $tVatican II as an "Event".$w()318892 774 0 $tVatican II.$w()318893 774 0 $aSchloesser, Stephen$tAgainst Forgetting.$w()318894 774 0 $aOrmerod, Neil J.$tTime they are a-changin".$w()318895 850 $aSeMil 852 $aSeMil$W1$xVenegono$y1$m2A IV 448$j160472$B160472$CSeMilBibl$Z2$F171980 $81 961 $aOmaggio: Bressan don Luca 996 $6020$a978-0-8264-2890-5$9(OLS)http://semarc/number/204859 996 $6245$aVatican 2. :$bdid anything happen?$9(OLS)http://semarc/title/303647 996 $6260$aLondon ; New York :$bContinuum$9(OLS)http://semarc/publisher/38159